00680nam a22001931a 4500020002100000040002600021082002400047100002500071245011200096260005000208300001600258500003800274600004400312600004800356600003400404600002200438700002300460852000300483 a0810839733c0.00 aNEGST Library - Kenya aLC 1099.3.S485 1995 aShapiro Joan Poliner aReframing Diversity in Education:educational leadership for the 21st century cJoan Poliner Shapiroh[Text] aLanham, MarylandbScarecrow Press , Incc1995 axxvii, 155p aincludes bibliographic references aEducation, Higher - Africa - Congresses aEducational statisticsxStudy and teaching. aMultilingualismxPeriodicals. aPlutarch.tLives. aDuCette Joseph P.